000 00563nam a2200217 a 4500
001 0001-1953
003 ELIB.Books
008 190121 2010 eng
020 _a0802498418
092 _a268.433 Zuc
_bZuc
100 _aZuck, Roy B.
245 _aYouth Education in the Church
260 _aChicago
_bMoody Publishers
_c1978
300 _a478
_c20.4 cm
650 _aYouth and the Church
856 _nKBTS Library
_uKBTS Elib
942 _2ddc
_cBK
990 _a2
998 _aEnglishbooks.elf
_ccat
_e2019-01-21
999 _c11953
_d11953